000 00603nam a2200181Ia 4500
005 20250923144714.0
008 008 250917s9999 xx 000 0 eng d
037 _aTextual
040 _aDSWL
_beng
_cDSWL
041 _aeng
_2eng
084 _aYX;A-Z.1ovzY3:25244'N59t4, N65
_qDSWL
100 _aSharma, G.
_9827572
245 0 _aComperetive study of family & school on environments of traunt & normal boys
_cby G. Sharma
260 _aDelhi
_bDelhi
_c1960
300 _a58p.
942 _cTEXL
_hYX;A-Z.1ovzY3:25244'N59t4, N65
999 _c1442293
_d1442293